Ứng dụng phần mềm Maple vào việc dạy và học hình học giải tích
Cơ sở lý thuyết. Giới thiệu về phần mềm Maple. Ứng dụng phần mềm Maple vào việc dạy và học hình học giải tích. Thực nghiệm Sư phạm
Zapisane w:
| 1. autor: | |
|---|---|
| Kolejni autorzy: | |
| Format: | Książka |
| Język: | Vietnamese |
| Wydane: |
Đà Nẵng
Đại học Đà Nẵng
2011
|
| Hasła przedmiotowe: | |
| Etykiety: |
Dodaj etykietę
Nie ma etykietki, Dołącz pierwszą etykiete!
|
| Thư viện lưu trữ: | Mạng thư viện Đại học Đà Nẵng |
|---|
| LEADER | 01547nam a2200361 4500 | ||
|---|---|---|---|
| 001 | 000010306 | ||
| 003 | 6508 | ||
| 005 | 20111212141239.0 | ||
| 008 | 111212s2011 viesd | ||
| 041 | |a vie | ||
| 072 | |a Luận văn Thạc sĩ Khoa học | ||
| 082 | |a 516.3 |b VO-P | ||
| 100 | |a Võ Ngọc Phương | ||
| 245 | |a Ứng dụng phần mềm Maple vào việc dạy và học hình học giải tích |c Võ Ngọc Phương | ||
| 260 | |a Đà Nẵng |b Đại học Đà Nẵng |c 2011 | ||
| 300 | |a 97tr |c 29cm |e CD. Tóm tắt luận văn | ||
| 500 | |a Luận văn Thạc sĩ Khoa học. Chuyên ngành: Phương pháp toán sơ cấp. Mã số: 60.46.40 | ||
| 520 | |a Cơ sở lý thuyết. Giới thiệu về phần mềm Maple. Ứng dụng phần mềm Maple vào việc dạy và học hình học giải tích. Thực nghiệm Sư phạm | ||
| 653 | |a Toán học | ||
| 653 | |a Luận văn Thạc sĩ Toán sơ cấp | ||
| 653 | |a Phần mềm Maple | ||
| 653 | |a Hình học giải tích | ||
| 700 | |a Trần Quốc Chiến |c PGS.TSKH |e Hướng dẫn | ||
| OWN | |a LSP | ||
| AVA | |a UDN50 |b LSP |d 516.3 VO-P |e available |t Error 5001 Not defined in file expand_doc_bib_avail. |f 1 |g 0 |h N |i 0 |k 1 | ||
| 999 | |a From the UDN01 | ||
| AVA | |a UDN50 |b LSP |d 516.3 VO-P |e available |t Error 5001 Not defined in file expand_doc_bib_avail. |f 1 |g 0 |h N |i 0 |k 1 | ||
| TYP | |a Monograph | ||
| TYP | |a Printed language | ||
| 980 | |a Mạng thư viện Đại học Đà Nẵng | ||